| 000 | 01983njm a2200349Ia 4500 | ||
|---|---|---|---|
| 001 | 40121 | ||
| 003 | IT-RoPAU | ||
| 005 | 20220918181217.0 | ||
| 008 | 131025s9999 xx 000 0 und d | ||
| 040 | _aIT-RoPAU | ||
| 040 | _cIT-RoPAU | ||
| 999 |
_c104088 _d104088 |
||
| 999 | _bn.d. | ||
| 100 |
_aAA.VV. _9794 |
||
| 100 |
_eAutore musica _920850 |
||
| 100 |
_gCodice autore musica SPICS: 12000 _9796 |
||
| 245 | _aValzer celebri | ||
| 250 | _a1a ed. | ||
| 260 | _aGERMANY | ||
| 260 |
_bDEUTSCHE GRAMMOPHON _c1967 [1a Ed.:1967] |
||
| 300 | _aDISCO | ||
| 500 | _aMusica classica. Valzer. Ballo | ||
| 505 | _aCoppelia: suite dal balletto (Scena e valzer di Swanilda) - Le Silfidi: valzer VII in do diesis minore op 64 n 2 - Le Silfidi: valzer VIII grande valzer brillante in mi bemolle maggiore op.18 - Valzer triste op 44 - Sinfonia fantastica op 14: 2 mov (un ballo) - Lo Schiaccianoci: suite op 71 A: valzer dei fiori - Sul bel Danubio blu valzer op 314 | ||
| 511 | _aOrchestra Filarmonica di Berlino diretta da Von Karajan Herbert | ||
| 650 |
_aBALLO [DISCHI] _eCodice MATERIA SPICS: 9950 _96536 |
||
| 700 |
_aDelibes Leo _dCodice autore musica SPICS: 7951 _eAutore musica _pCoppelia: suite dal balletto (Scena e valzer di Swanilda) _920851 |
||
| 700 |
_aChopin Fryderyk _dCodice autore musica SPICS: 8056 _eAutore musica _pLe Silfidi: valzer VII in do diesis minore op 64 n 2 - Le Silfidi: valzer VIII grande valzer brillante in mi bemolle maggiore op.18 _920852 |
||
| 700 |
_aSibelius Jan _dCodice autore musica SPICS: 8198 _eAutore musica _pValzer triste op 44 _920853 |
||
| 700 |
_aBerlioz Hector _dCodice autore musica SPICS: 9293 _eAutore musica _pSinfonia fantastica op 14: 2 mov (un ballo) _920854 |
||
| 700 |
_aCajkovskij Petr Llijch _dCodice autore musica SPICS: 10808 _eAutore musica _pLo Schiaccianoci: suite op 71 A: valzer dei fiori _920855 |
||
| 700 |
_aStrauss Johann Jr. _dCodice autore musica SPICS: 11164 _eAutore musica _pSul bel Danubio blu valzer op 314 _920856 |
||
| 942 |
_cMD _2ddc |
||